=LDR 00000nam 2200000 4500 =001 INLIS000000000005488 =005 20130612093732 =008 ***********************************Ind** =035 ##$$0010-061300000005488 =041 ##$$a Ind =082 ##$$a 177 =090 ##$$a 177, Atm p =100 ##$$a Atmowiloto, Arswendo =245 ##$$a Pergaulan sehat, Arswendo Atmowiloto =260 ##$$a 1992 $b Jakarta =300 ##$$a xii, 99 hlm, 19 cm =650 ##$$a Pergaulan =850 ##$$a NBPNMAT